| 000 | 01242cam a2200241 4500 | ||
|---|---|---|---|
| 001 | ABS68023 | ||
| 008 | 040716n2004 000 0 eng u | ||
| 035 | _a(Sirsi) u126815 | ||
| 245 | _aManagement standards: EMAS and ISO 14001 | ||
| 260 | _c2004 | ||
| 490 |
_aEnvironment Information Bulletin _v(140) July 2004, 10-16(7) |
||
| 520 | _aSeries of articles comparing the Eco-Management and Audit Scheme (EMAS) from the EU with the more recognised ISO 14001: 1996. The first article "EMAS versus ISO 14001: no contest?" investigates why there are so few EMAS-registered organisations despite EMAS being viewed as superior to ISO 14001. The second article, "Smiths Group sets a new performance standard" examines how a decentralised engineering group has used ISO 14001 to concentrate on environmental outcomes. The third article, "Lewes Council gives EMAS ringing endorsement", examines Lewes DC's experience of EMAS. | ||
| 590 | _aABS | ||
| 590 | _aABS | ||
| 650 | _aISO 14001: 1996 | ||
| 650 | _aEMAS | ||
| 650 | _aECO MANAGEMENT AUDIT SCHEME | ||
| 650 | _aREGULATION (EC) 761/2001 | ||
| 650 | _aENVIRONMENTAL MANAGEMENT SCHEMES | ||
| 650 | _aENVIRONMENTAL AWARENESS | ||
| 690 | _aENVIRONMENT-AUDIT/ASSESSMENT | ||
| 942 | _n0 | ||
| 999 |
_c117720 _d117720 |
||